00450nam a2200169 a 4500001001300000003000900013005001700022008004100039020002300080082002100103100001600124245003500140260003500175300000900210500003500219650002600254nice12345678IN_TiNIC20260116013640.0070405s1995 dela grp 000 0 eng  a8174880887 c37500a305.480201bPRU2 aPruthi, Raj aWomen Society and Christianity aDelhibAnmol Publishers c1995 a288p aincludes index and biblioraphy aWomen in Christianity